000 00256nam a22001097a 4500
008 170105b xxu||||| |||| 00| 0 eng d
020 _a9780135028674
041 _aeng
080 _21ST
_a618.2
245 _aFORENSIC SCIENCE
_cSAFERSTEIN. R
942 _2udc
_cBK
999 _c2562
_d2562